书目信息 |
| 题名: |
高速公路企业可持续发展
|
|
| 作者: | 贺竹磬 著 | |
| 分册: | ||
| 出版信息: | 北京 人民交通出版社 2010.11 |
|
| 页数: | 172页 | |
| 开本: | 23cm | |
| 丛书名: | ||
| 单 册: | ||
| 中图分类: | F542.6 | |
| 科图分类: | ||
| 主题词: | 高速公路--gao su gong lu--运输企业--可持续发展--研究--中国 | |
| 电子资源: | ||
| ISBN: | 978-7-114-08757-8 | |
| 000 | 00975nam0 2200265 450 | |
| 001 | B20110002619 | |
| 005 | 20110711161602.48 | |
| 010 | @a978-7-114-08757-8@dCNY35.00 | |
| 100 | @a20101223d2010 em y0chiy50 ea | |
| 101 | 0 | @achi |
| 102 | @aCN@b110000 | |
| 105 | @aa a 000yy | |
| 106 | @ar | |
| 200 | 1 | @a高速公路企业可持续发展@Agao su gong lu qi ye ke chi xu fa zhan@f贺竹磬著 |
| 210 | @a北京@c人民交通出版社@d2010.11 | |
| 215 | @a172页@c图@d23cm | |
| 320 | @a有书目 (第160-172页) | |
| 330 | @a本书通过对我国高速公路企业经营环境及可持续发展困境的分析,以企业可持续发展理论和高速公路市场化理论为基础,在结合国外高速公路发展经验及我国高速公路发展政策的基础上,从发展战略、发展路径等方面研究了我国高速公路企业可持续发展模式。 | |
| 333 | @a适合相关研究人员 | |
| 586 | @a | |
| 606 | 0 | @a高速公路@Agao su gong lu@x运输企业@x可持续发展@x研究@y中国 |
| 690 | @aF542.6@v5 | |
| 701 | 0 | @a贺竹磬@Ahe zhu qing@4著 |
| 801 | 0 | @aCN@c20110610 |
| 905 | @dF542.6@eH324@f3 | |
| 高速公路企业可持续发展/贺竹磬著.-北京:人民交通出版社,2010.11 |
| 172页:图;23cm |
| 使用对象:适合相关研究人员 |
| ISBN 978-7-114-08757-8:CNY35.00 |
| 本书通过对我国高速公路企业经营环境及可持续发展困境的分析,以企业可持续发展理论和高速公路市场化理论为基础,在结合国外高速公路发展经验及我国高速公路发展政策的基础上,从发展战略、发展路径等方面研究了我国高速公路企业可持续发展模式。 |
| ● |
| 相关链接 |
|
|
|
正题名:高速公路企业可持续发展
索取号:F542.6/H324
 
预约/预借
| 序号 | 登录号 | 条形码 | 馆藏地/架位号 | 状态 | 备注 |
| 1 | 882266 | 208822666 | 社科库409/409社科库 38排2列2层/ [索取号:F542.6/H324] | 在馆 | |
| 2 | 882267 | 208822675 | 社科库409/409社科库 38排2列2层/ [索取号:F542.6/H324] | 在馆 | |
| 3 | 882268 | 208822684 | 社科库409/409社科库 38排2列2层/ [索取号:F542.6/H324] | 在馆 |